[Event "CRO-chT"]
[Site "Pula"]
[Date "1999.09.12"]
[Round "4"]
[White "Pecnik, Leo"]
[Black "Troselj, Teo"]
[Result "0-1"]
[WhiteElo "2184"]
[BlackElo "2080"]

1.e4 e6 2.d4 d5 3.Nc3 Nf6 4.e5 Nfd7 5.Nf3 c5 6.dxc5 Nc6 7.Bf4 Nxc5 8.Be2 Qb6
9.O-O a6 10.Rb1 Be7 11.b4 Nd7 12.a3 f6 13.b5 Ncxe5 14.bxa6 Qc7 15.axb7 Bxb7
16.Bb5 O-O 17.Bxd7 Nxf3+ 18.Qxf3 Qxd7 19.a4 Bc6 20.Qe2 Bxa4 21.Rb6 e5 22.Rfb1 Rfc8
23.Rb7 Qd8 24.Nxa4 Rxa4 25.Be3 d4 26.Qb5 Rac4 27.Rd7 Qf8 28.Bc1 Rxc2 29.Bb2 Qe8
30.Qd5+ Kh8 31.h4 R2c7 32.Rxc7 Rxc7 33.Ra1 Qd8 34.Qe4 Rc8 35.Ra7 Bf8 36.Qd3 Qb6
37.Ra2 Qc6 38.Ra6 Qb7 39.Ba3 Bxa3 40.Rxa3 Rc1+ 41.Kh2 Rc8 42.Qf5 Re8 43.h5 Qe7
44.Rd3 Qe6 45.Qe4 f5 46.Qb7 e4 47.Rg3 Qe5 48.Qf7 e3 49.f4 Qe7  0-1

[Event "Budapest FS09 IM-B"]
[Site "Budapest"]
[Date "1999.09.13"]
[Round "10"]
[White "Czebe, Attila"]
[Black "Kun, Gabor"]
[Result "1-0"]
[WhiteElo "2414"]
[BlackElo "2314"]

1.e4 e6 2.d4 d5 3.Nc3 Nf6 4.e5 Nfd7 5.f4 c5 6.Nf3 Nc6 7.Be3 a6 8.dxc5 Bxc5
9.Bxc5 Nxc5 10.Qd2 b5 11.Qf2 Qb6 12.Bd3 b4 13.Ne2 a5 14.O-O Ba6 15.Kh1 Ne7
16.Rad1 Rb8 17.Ned4 h6 18.Qh4 Ng6 19.Qg4 O-O 20.f5 exf5 21.Nxf5 Ne4 22.h4 Bxd3
23.cxd3 Nf2+ 24.Rxf2 Qxf2 25.h5 Rb6 26.hxg6 fxg6 27.Qd4 Qxd4 28.N5xd4 g5
29.e6 g4 30.Ne5 Rf4 31.Ndc6 Rf6 32.e7 Re6 33.Rf1  1-0

[Event "CRO-chT"]
[Site "Pula"]
[Date "1999.09.14"]
[Round "5"]
[White "Zufic, Miroslav"]
[Black "Troselj, Teo"]
[Result "1/2-1/2"]
[WhiteElo "2141"]
[BlackElo "2080"]

1.e4 e6 2.d4 d5 3.Nc3 Nf6 4.e5 Nfd7 5.f4 c5 6.Nf3 Nc6 7.Be3 a6 8.Qd2 b5 9.dxc5 Bxc5
10.Bxc5 Nxc5 11.Bd3 b4 12.Ne2 a5 13.Qe3 Qb6 14.O-O Na4 15.Qxb6 Nxb6 16.Bb5 Bd7
17.Bxc6 Bxc6 18.Ned4 Bd7 19.b3 Ke7 20.Kf2 Rhc8 21.Ke3 Rc3+ 22.Kd2 Rac8 23.Rfe1 Na8
24.Re3 Rxe3 25.Kxe3 Nc7 26.a3 Na6 27.axb4 Nxb4 28.Kd2 Ra8 29.c3 Nc6 30.Nxc6+ Bxc6
31.Nd4 Kd7 32.Kd3 g6 33.b4 axb4 34.Rxa8 Bxa8 35.cxb4 Bc6 36.b5 Bb7 37.Kc3 Kc7
38.Kb4 Kb6 39.Nb3 d4 40.g3 d3 41.Nd2 Bd5 42.Nf1 h5 43.Ne3 d2 44.h3 Ba2 45.g4 hxg4
46.hxg4 Bd5 47.Kc3 Kxb5 48.Kxd2 Bf3 49.g5 Kc6 50.Kc3 Kd7 51.Kd4 Ke7 52.Kc5 Be2
53.Kc6 Bf3+ 54.Kc7 Be2 55.Nc2 Bb5 56.Nd4 Ba4 57.Ne2 Bb5 58.Nc3 Be8 59.Ne4 Ba4
60.Nd6 Bb3 61.Nc8+ Ke8 62.Kd6 Kd8 63.Nb6 Ke8 64.Nd7 Kd8 65.Nc5 Ba2 66.Nb7+ Ke8
67.Kc7 Ke7 68.Nd6 Bb3  1/2-1/2

[Event "CRO-chT"]
[Site "Pula"]
[Date "1999.09.18"]
[Round "9"]
[White "Zelic, Mladen"]
[Black "Kovacevic, Blazimir"]
[Result "1-0"]
[WhiteElo "2353"]
[BlackElo "2447"]

1.e4 e6 2.d4 d5 3.Nc3 Nf6 4.e5 Nfd7 5.f4 c5 6.Nf3 Nc6 7.Bd3 cxd4 8.Ne2 Bb4+
9.Bd2 Qb6 10.O-O Bxd2 11.Qxd2 Qxb2 12.f5 exf5 13.Qg5 g6 14.Nf4 Qb6 15.e6 fxe6
16.Nxe6 Kf7 17.Rae1 h6 18.Qf4 Ne7 19.Nc7 g5 20.Nxg5+ hxg5 21.Rxe7+ Kxe7 22.Nxd5+ Ke6
23.Qxf5+ Kd6 24.Nxb6 axb6 25.Qxg5 Re8 26.Qf4+ Re5 27.Qxd4+ Kc7 28.Bf5 Raa5
29.g4 Rad5 30.Qf4 Nc5 31.Re1  1-0

[Event "CRO-chT"]
[Site "Pula"]
[Date "1999.09.18"]
[Round "9"]
[White "Vukelic, Tomislav"]
[Black "Vukovic, Ivo"]
[Result "1-0"]
[WhiteElo "2288"]
[BlackElo "2279"]

1.d4 e6 2.e4 d5 3.Nc3 Nf6 4.e5 Nfd7 5.f4 c5 6.Nf3 Nc6 7.Be3 a6 8.Qd2 Qa5
9.Ne2 Qxd2+ 10.Kxd2 Be7 11.Rd1 O-O 12.Kc1 f6 13.c3 fxe5 14.fxe5 cxd4 15.cxd4 Nb6
16.Kb1 Bd7 17.h4 Rac8 18.Nf4 Nc4 19.Bc1 Nb4 20.g3 Nb6 21.Bh3 Nc6 22.Ng5 Bxg5
23.hxg5 Rce8 24.b3 g6 25.Ba3 Rf7 26.Rhe1 Kg7 27.Rf1 h6 28.gxh6+ Kxh6 29.Rh1 Kg7
30.Bg4 Nd8 31.Rh2 Rh8 32.Rxh8 Kxh8 33.Nxg6+ Kg7 34.Nf4 Nc8 35.Nh5+ Kg6 36.Nf6 Rxf6  1-0

[Event "Pan American-ch U18"]
[Site "Matinhos"]
[Date "1999.10.06"]
[Round "6"]
[White "Benares de sa Leitao, Ricardo"]
[Black "Sarkar, Justin"]
[Result "0-1"]
[WhiteElo "2260"]
[BlackElo "2262"]

1.e4 e6 2.d4 d5 3.Nc3 Nf6 4.e5 Nfd7 5.f4 c5 6.Nf3 Nc6 7.Be3 cxd4 8.Nxd4 Bc5
9.Qd2 O-O 10.O-O-O a6 11.h4 Nxd4 12.Bxd4 b5 13.Rh3 b4 14.Ne2 a5 15.g4 Ba6
16.g5 Qc7 17.Kb1 Rfc8 18.h5 Bxd4 19.Nxd4 Bxf1 20.Rxf1 Nc5 21.g6 fxg6 22.hxg6 h6
23.f5 Qxe5 24.f6 Ne4 25.Qe3 h5 26.fxg7 Kxg7 27.Rhf3 Rf8 28.Rxf8 Rxf8 29.Nxe6+ Qxe6
30.Qa7+ Kxg6 31.Qg1+ Qg4 32.Qxg4+ hxg4 33.Rxf8 g3 34.Rg8+ Kf5 35.Kc1 Ng5
36.Rd8 Ke4 37.Rg8 Kf4 38.Rf8+ Kg4 39.Rf1 Nf3 40.Rd1 g2  0-1

[Event "Tatry op"]
[Site "Tatranska Lomnica"]
[Date "1999.10.08"]
[Round "7"]
[White "Pokrupa, Marek"]
[Black "Jasny, Stanislav"]
[Result "1/2-1/2"]
[WhiteElo "2093"]
[BlackElo "2283"]

1.e4 e6 2.d4 d5 3.Nc3 Nf6 4.e5 Nfd7 5.f4 c5 6.Nf3 Nc6 7.Be3 a6 8.Qd2 b5 9.dxc5 Bxc5
10.Bxc5 Nxc5 11.Bd3 b4 12.Ne2 Qb6 13.h4 h5 14.Rh3 a5 15.Rg3 g6 16.Ng5 Ne7
17.Nd4 Ba6 18.Bxa6 Qxa6 19.a3 Rd8 20.axb4 Ne4 21.Nxe4 dxe4 22.Qe2 Qxe2+ 23.Nxe2 axb4
24.Re3 O-O 25.Rxe4 Nd5 26.c4 bxc3 27.Nxc3 Nxc3 28.bxc3 Rd7 29.Rea4 Rfd8 30.Ra8 Kf8
31.Rxd8+ Rxd8 32.Ra7 Rd3 33.Rc7 Ke8 34.Ke2 Rg3 35.Kf2 Rd3 36.c4 Rc3 37.c5 Rc2+
38.Kf3 Rc3+ 39.Kf2 Rc2+ 40.Kg3 Rc3+ 41.Kh2 Rc4 42.Kg3 Rc3+ 43.Kh2 Rc4 44.g3 Rc2+
45.Kg1 Rc1+ 46.Kf2 Rc3 47.c6 Rc2+ 48.Kf3 Rc3+ 49.Kg2 Rc2+ 50.Kh3 Rc3 51.Rc8+ Ke7
52.Kg2 Rc2+ 53.Kf3 Rc3+ 54.Kf2 Rc2+ 55.Ke3 Rc3+ 56.Kf2 Rc2+ 57.Ke1 Rc1+ 58.Kd2 Rc4
59.Kd3 Rc1 60.Rc7+ Ke8 61.Kd2 Rc4 62.Rc8+ Ke7 63.c7 Rc5 64.Kd3 Rc1 65.Kd2 Rc6  1/2-1/2

[Event "BL9900 (Women)"]
[Site "Germany"]
[Date "1999.10.16"]
[Round "1.3"]
[White "Heymann, Ulrike"]
[Black "Stangl, Anita"]
[Result "0-1"]
[WhiteElo "2195"]
[BlackElo "2151"]

1.e4 e6 2.d4 d5 3.Nc3 Nf6 4.e5 Nfd7 5.f4 c5 6.Nf3 Nc6 7.Be3 Qb6 8.Na4 Qa5+
9.c3 cxd4 10.Nxd4 Nxd4 11.b4 Bxb4 12.Bxd4 Be7 13.Bd3 b5 14.Nb2 Bc5 15.O-O Qxc3
16.Bxc5 Qxc5+ 17.Kh1 O-O 18.Qe2 Rb8 19.f5 exf5 20.Rxf5 f6 21.e6 Ne5 22.Rxe5 fxe5
23.Qxe5 Rb7 24.Re1 Re7 25.Bf5 Qf2 26.g4 g6 27.Nd3 Qf3+ 28.Kg1 gxf5 29.Re3 Qd1+
30.Kg2 Rxe6  0-1

[Event "BL9900 (Women)"]
[Site "Germany"]
[Date "1999.10.17"]
[Round "2.3"]
[White "Ehrke, Anja"]
[Black "Elschner, Annegret"]
[Result "1-0"]
[WhiteElo "2060"]
[BlackElo "2124"]

1.e4 e6 2.d4 d5 3.Nc3 Nf6 4.e5 Nfd7 5.f4 c5 6.Nf3 Nc6 7.Be3 cxd4 8.Nxd4 Bc5
9.Qd2 a6 10.Be2 Qc7 11.O-O b5 12.Bf3 Qb6 13.Nce2 O-O 14.c3 a5 15.Kh1 Ba6
16.b4 axb4 17.cxb4 Bxb4 18.Qb2 Bc5 19.Rfc1 Na5 20.Bg1 Nc4 21.Qc3 b4 22.Qe1 Ra7
23.Qg3 f5 24.exf6 Rxf6 25.f5 Nde5 26.Nxe6 Bxg1 27.Nxg1 Nxf3 28.Qxf3 Bb7 29.Qg4 Bc6
30.Nd4 Ne5 31.Qd1 Bd7 32.Nge2 Ng4 33.Qe1 Rxf5 34.Qg3 Nf2+ 35.Kg1 Ne4 36.Qb3 Ra3
37.Qc2 Rc3 38.Qb2 Rf2 39.Rxc3 Qg6 40.Rg3 Qb6 41.Rd1 Bb5 42.Qxb4 Rxe2 43.Qxb5 Qxb5
44.Nxb5 Nxg3 45.hxg3 Rxa2 46.Rxd5 Kf7 47.Rf5+ Ke7 48.Kh2 g6 49.Rc5 Kf6 50.Rc7 h6
51.Rc6+ Kg7 52.Nd4 Kf7 53.Nf3 Ra5 54.g4 Kg7 55.Kg3 Kf7 56.Rd6 Kg7 57.Kf4 Ra4+
58.Nd4 Kf7 59.Ke5 Ra5+ 60.Rd5 Ra2 61.Rd7+ Ke8 62.Rg7 Rxg2 63.Rxg6 Rh2 64.Kf6 h5
65.g5 h4 66.Rh6 h3 67.Nf5 Rh1 68.g6  1-0

[Event "Wichern op 5th"]
[Site "Hamburg"]
[Date "1999.10.21"]
[Round "8"]
[White "Thalwitzer, David"]
[Black "Kolthoff, Siegmund"]
[Result "0-1"]
[WhiteElo "2136"]
[BlackElo "2017"]

1.e4 e6 2.d4 d5 3.Nc3 Nf6 4.e5 Nfd7 5.Nce2 c5 6.c3 Nc6 7.f4 cxd4 8.cxd4 f6
9.Nf3 fxe5 10.fxe5 Bb4+ 11.Bd2 Be7 12.Nf4 Nf8 13.Bd3 Qb6 14.Bc3 Bd7 15.O-O g5
16.Nxg5 O-O-O 17.Nf7 Rg8 18.Nxd8 Bxd8 19.Kh1 Nxd4 20.Bxh7 Nxh7 21.Bxd4 Qb4
22.Rc1+ Kb8 23.a3 Qb5 24.a4 Qa5 25.Bc5 Ng5 26.b4 Qa6 27.b5 Qa5 28.Bd6+ Ka8
29.Qc2 Bb6 30.Bc7 Ne4 31.Nd3 Ng3+  0-1

[Event "Chigorin mem"]
[Site "St Petersburg"]
[Date "1999.11.02"]
[Round "1"]
[White "Aseev, Konstantin N"]
[Black "Pesiakov, Valentin"]
[Result "1/2-1/2"]
[WhiteElo "2533"]
[BlackElo "2348"]

1.e4 e6 2.d4 d5 3.Nc3 Nf6 4.e5 Nfd7 5.Nce2 c5 6.c3 Nc6 7.f4 f6 8.Nf3 Qb6
9.exf6 Nxf6 10.g3 Bd6 11.Bg2 O-O 12.O-O cxd4 13.cxd4 e5 14.fxe5 Nxe5 15.Nxe5 Bxe5
16.Kh1 Bc7 17.Nc3 Be6 18.Qe2 Rae8 19.Be3 Bf7 20.Qd2 Qe6 21.Bf4 Ba5 22.Be5 Bxc3
23.Qxc3 Ne4  1/2-1/2

[Event "SLO-chT"]
[Site "Bled"]
[Date "1999.11.08"]
[Round "1"]
[White "Podlesnik, Bogdan"]
[Black "Rogulj, Branko"]
[Result "0-1"]
[WhiteElo "2403"]
[BlackElo "2427"]

1.e4 Nf6 2.Nc3 e6 3.d4 d5 4.e5 Nfd7 5.f4 c5 6.Nf3 Nc6 7.Be3 cxd4 8.Nxd4 Bc5
9.Qd2 O-O 10.O-O-O a6 11.Kb1 Nxd4 12.Bxd4 b5 13.Bxc5 Nxc5 14.Qf2 Qc7 15.Bd3 b4
16.Ne2 a5 17.Qh4 g6 18.Nd4 a4 19.Qe1 Qb6 20.h4 a3 21.b3 Na4 22.Ne2 Nb2 23.Rd2 Nxd3
24.cxd3 Ba6 25.h5 Rac8 26.Qh4 Qe3 27.Rhd1 Bxd3+ 28.Rxd3 Qxe2 29.R3d2 Qe4+
30.Ka1 Rc7 31.Qe1 Qxf4 32.g3 Qf5 33.Rd4 Rfc8 34.Rf4 Qxe5+  0-1

[Event "ch-NED (women) qualifier"]
[Site "Rotterdam NED"]
[Date "1999.11.08"]
[Round "1.2"]
[White "Sazonova,E"]
[Black "Goris,T"]
[Result "1/2-1/2"]
[WhiteElo "2128"]
[BlackElo "2057"]

1.e4 e6 2.d4 d5 3.Nc3 Nf6 4.e5 Nfd7 5.a3 c5 6.f4 cxd4 7.Qxd4 Nc6 8.Qd3 Nc5
9.Qg3 a6 10.Be3 Nd7 11.O-O-O Ne7 12.Bd3 Qc7 13.Qf2 b5 14.g4 Bb7 15.Nf3 g6
16.h4 h5 17.gxh5 Rxh5 18.Nd4 Nf5 19.Nxf5 gxf5 20.Rhg1 O-O-O 21.Be2 Rh8 22.h5 Bxa3
23.Bxb5 Qxc3 24.Bxd7+ Rxd7 25.Bd4 Bxb2+ 26.Kb1 Qb4 27.Bxb2 Bc6 28.Rd3 Rb7
29.Rb3 Qc4 30.Rxb7 Kxb7 31.Rg7 Be8 32.Rg5 Qb5 33.Qf3 Kc6 34.Qa3 Qf1+ 35.Bc1 Qb5+
36.Ka1 Qc4 37.Qd6+ Kb7 38.Rg3 Qxc2 39.Qb4+ Bb5 40.Rc3 Qa4+ 41.Qxa4 Bxa4 42.Rh3 Rh6
43.Ba3 Bd1 44.Bf8 Rxh5 45.Rxh5 Bxh5 46.Kb2 Kb6 47.Kc3 Kb5 48.Be7 a5 49.Bd8 a4
50.Be7 Bd1 51.Ba3 Kc6 52.Kd4 Bb3 53.Bb4 Kd7 54.Kc5 Ke8 55.Kd4 Bc4 56.Ba3 Bb3
57.Bb4 f6 58.exf6 Kf7 59.Ke5 d4 60.Kxd4 Kxf6 61.Bd6 Kf7 62.Kc3 Kf6 63.Be5+ Ke7
64.Kb4 Kd7 65.Bb8 Kc6 66.Be5 Kd5 67.Bc3 Ke4 68.Be5 Kd3 69.Bf6 Ke3 70.Be5 Ke4
71.Ka3 Ke3 72.Bd6  1/2-1/2

[Event "Chigorin mem"]
[Site "St Petersburg"]
[Date "1999.11.08"]
[Round "7"]
[White "Shaposhnikov, Evgeny"]
[Black "Iljushin, Alexei"]
[Result "1/2-1/2"]
[WhiteElo "2494"]
[BlackElo "2527"]

1.e4 e6 2.d4 d5 3.Nc3 Nf6 4.e5 Nfd7 5.f4 c5 6.Nf3 Nc6 7.Be3 cxd4 8.Nxd4 Bc5
9.Qd2 O-O 10.O-O-O a6 11.h4 Bxd4 12.Bxd4 b5 13.Kb1 b4 14.Ne2 a5 15.Be3 Ba6
16.Nd4 Nxd4 17.Bxd4 Bxf1 18.Rdxf1 Rc8 19.f5 exf5 20.Rxf5 Nc5 21.Bxc5 Rxc5
22.Rhf1 d4 23.Qf2  1/2-1/2

[Event "ch-ESP (team) Div 2"]
[Site "Cala Galdana ESP"]
[Date "1999.11.16"]
[Round "9"]
[White "Pinero Fernandez,X"]
[Black "Gaya Yodra,J"]
[Result "0-1"]
[WhiteElo "2162"]
[BlackElo "2238"]

1.e4 e6 2.d4 d5 3.Nc3 Nf6 4.e5 Nfd7 5.Qh5 c5 6.Bg5 Qb6 7.O-O-O cxd4 8.Nb5 Nc6
9.Nf3 a6 10.Nbxd4 Ndxe5 11.Nxe5 Nxe5 12.f4 Nc6 13.Nf3 Bd7 14.Bd3 Rc8 15.f5 Nb4
16.Kb1 Bd6 17.fxe6 Bxe6 18.Rhe1 Nxd3 19.Rxe6+ Kf8 20.cxd3 fxe6 21.Ne5 Bxe5
22.Rf1+ Bf6 23.Bxf6 gxf6 24.Rxf6+ Ke7 25.Qg5 Rhg8 26.Qh4 Qe3 27.Rf3+ Qg5
28.Qb4+ Ke8 29.Qe1 Qe7 30.Re3 Kd7 31.d4 Rc6 32.a3 Kc8 33.Qe2 Kb8 34.g4 Rgc8
35.Re5 Qc7 36.g5 Rc1+ 37.Ka2 Qc4+ 38.Qxc4 R8xc4 39.Rxe6 Rxd4 40.Rh6 Rg1 41.h4 Rh1
42.h5 Rdh4  0-1

[Event "Eu Team Ch"]
[Site "Batumi GEO"]
[Date "1999.11.30"]
[Round "2"]
[White "Mitkov,N"]
[Black "Bagirov,R"]
[Result "1/2-1/2"]
[WhiteElo "2509"]
[BlackElo "2471"]

1.e4 e6 2.d4 d5 3.Nc3 Nf6 4.e5 Nfd7 5.f4 c5 6.Nf3 a6 7.Be3 Qb6 8.a3 Nc6 9.Be2 Qa7
10.Qd2 cxd4 11.Nxd4 Bc5 12.Rd1 O-O 13.O-O b5 14.Bf3 Bb7 15.Qf2 Nxd4 16.Bxd4 Bxd4
17.Rxd4 Rfc8 18.a4 Qc5 19.Be2 Bc6 20.Bd3 bxa4 21.Nxa4 Bxa4 22.Rxa4 Qxf2+
23.Rxf2 Nc5 24.Ra2 a5 25.Bf1 a4 26.g3 Rab8 27.Rf3 f6 28.exf6 gxf6 29.Re3 Kf7
30.Bg2 d4 31.Rf3 Rb6 32.c3 d3 33.Rf2 Rd8 34.Rd2 e5 35.Kf2 e4 36.Bh3 Kg6 37.Bg4 f5
38.Bd1 Ra6 39.Ke3 Kf6 40.Rg2 Rda8 41.g4 Rg8 42.Kd4 Ne6+ 43.Ke3 Nc5  1/2-1/2

[Event "ch-NED (qualifier KO)"]
[Site "Rotterdam NED"]
[Date "1999.12.04"]
[Round "1.1"]
[White "Van der Weide,K"]
[Black "Deegens,V"]
[Result "1-0"]
[WhiteElo "2434"]
[BlackElo "2313"]

1.e4 e6 2.d4 d5 3.Nc3 Nf6 4.e5 Nfd7 5.f4 c5 6.Nf3 Nc6 7.Be3 cxd4 8.Nxd4 Bc5
9.Qd2 O-O 10.O-O-O a6 11.Nce2 Na5 12.Ng3 b5 13.b3 Rb8 14.Kb1 Qc7 15.Ka1 Nc6
16.Nxc6 Qxc6 17.Bxc5 Qxc5 18.Bd3 Bb7 19.Kb1 Rfc8 20.Rhe1 Qc3 21.Qxc3 Rxc3
22.Ne2 Rc7 23.Nd4 Nc5 24.Re2 Bc8 25.g4 Bd7 26.f5 b4 27.f6 g6 28.g5 Bb5 29.Kb2 Bxd3
30.cxd3 Rbc8 31.Rdd2 Nd7 32.Nc2 a5 33.Re1 Rc3 34.Nd4 R3c5 35.h4 R8c7 36.h5 gxh5
37.Rh2 Nf8 38.Rxh5 Rc8 39.a3 Ng6 40.Reh1 bxa3+ 41.Kxa3 Nf8 42.R5h3 R8c7 43.R3h2 Rb7
44.Rc2 Rxc2 45.Nxc2 Nd7 46.d4 Nb8 47.Ne3 Nc6 48.Rc1 Rb6 49.Nc2 Kf8 50.Rh1 Kg8
51.Rh3 Kh8 52.Rc3 Kg8 53.Rc5 h6 54.gxh6 Kh7 55.Ka4 Nxd4 56.Nxd4 Rb4+ 57.Kxa5 Rxd4
58.b4 Rd1 59.b5 Ra1+ 60.Kb6 Kxh6 61.Kc6 d4 62.Rc4 d3 63.Rd4 Rc1+ 64.Kd6 Rc3
65.b6 Kg6 66.Ke7 Kf5 67.Kxf7 Kxe5 68.Rd7 Rb3 69.Ke7 Rxb6 70.f7 Rb8 71.Rxd3 Ke4
72.Rd8 Rb7+ 73.Kxe6  1-0

[Event "Eu Team Ch (women)"]
[Site "Batumi GEO"]
[Date "1999.12.07"]
[Round "9"]
[White "Arakhamia,K"]
[Black "Zatonskih,A"]
[Result "0-1"]
[WhiteElo "2431"]
[BlackElo "2414"]

1.e4 e6 2.d4 d5 3.Nc3 Nf6 4.e5 Nfd7 5.f4 c5 6.Nf3 a6 7.Be3 Qb6 8.Na4 Qa5+
9.c3 cxd4 10.b4 Qc7 11.Bxd4 Nc6 12.a3 Be7 13.Bd3 b5 14.Nb2 Nxd4 15.cxd4 Nb6
16.O-O Nc4 17.Qc2 g6 18.Nd1 Bd7 19.Nf2 O-O 20.Ng4 a5 21.Ng5 Kg7 22.Qf2 Rh8
23.h4 h6 24.Nf3 axb4 25.axb4 Rxa1 26.Rxa1 h5 27.Ngh2 Bxb4 28.Ng5 Be7 29.Qg3 Bxg5
30.Qxg5 Qd8 31.Qg3 Qb6 32.Nf3 Nd2 33.Nxd2 Qxd4+ 34.Kh2 Qxa1 35.Qg5 Be8 36.Nf3 Qa7
37.Qf6+ Kg8 38.Ng5 Qd7 39.Nf3 b4 40.Nd4 Qa7 41.Nf3 b3 42.Ng5 Qd7 43.Bb1 b2
44.Bd3 Rh7 45.Bb1 Rg7 46.Bd3 Kf8 47.g4 Qe7 48.gxh5 Bb5 49.Bb1 Qxf6 50.exf6 Rg8
51.h6 Rh8 52.h7 d4 53.Kg1 d3  0-1

[Event "FSIMA December"]
[Site "Budapest HUN"]
[Date "1999.12.11"]
[Round "8"]
[White "Czebe,A"]
[Black "Jurkovic,A"]
[Result "1-0"]
[WhiteElo "2414"]
[BlackElo "2339"]

1.e4 e6 2.d4 d5 3.Nc3 Nf6 4.e5 Nfd7 5.f4 c5 6.Nf3 Nc6 7.Be3 a6 8.Qd2 b5 9.dxc5 Bxc5
10.Bxc5 Nxc5 11.Qf2 Na4 12.Nxa4 bxa4 13.Bd3 Qa5+ 14.Ke2 Nb4 15.Nd4 O-O 16.a3 Nxd3
17.cxd3 Rb8 18.Ke3 f6 19.Qc2 Bd7 20.Rac1 fxe5 21.fxe5 Qd8 22.h4 Qe8 23.g4 Rb7
24.Rhf1 Rxf1 25.Rxf1 Qb8 26.Qh2 Rxb2 27.Qf4 Qe8 28.g5 Rb8 29.Qg4 Qe7 30.g6 hxg6
31.Qxg6 Rf8 32.Rxf8+ Kxf8 33.Qg5 Ke8 34.Qxe7+ Kxe7 35.Nf3 Kf7 36.Kd4 Bb5
37.Ng5+ Ke7 38.Nh3 Be8 39.Nf4 Bb5 40.Kc5 Be8 41.Kb6 Bb5 42.Kb7 Kf7 43.Kc7 Ke7
44.h5 a5 45.Kb6 Bd7 46.Kxa5 Be8 47.Kb4 Bd7 48.Ng6+ Kf7 49.Kc5 Bc8 50.Kd6 d4
51.Nf4 Ba6 52.Nxe6 Bxd3 53.Nxd4 Bc4 54.e6+ Kf6 55.Kd7 Kg5 56.e7 Bf7 57.Ne6+  1-0

[Event "Vikings Masters"]
[Site "York ENG"]
[Date "1999.12.14"]
[Round "2"]
[White "Resika,N"]
[Black "Hanley,C"]
[Result "1/2-1/2"]
[WhiteElo "2251"]
[BlackElo "2178"]

1.e4 e6 2.d4 d5 3.Nc3 Nf6 4.e5 Nfd7 5.f4 c5 6.Nf3 Nc6 7.Be3 a6 8.Qd2 b5 9.dxc5 Bxc5
10.Bxc5 Nxc5 11.Qf2 Qb6 12.Bd3 b4 13.Ne2 a5 14.O-O Rb8 15.Kh1 Nxd3 16.Qxb6 Rxb6
17.cxd3 Ba6 18.Rfd1 Kd7 19.Kg1 f6 20.Kf2 Rc8 21.Ned4 Nxd4 22.Nxd4 a4 23.Ke3 a3
24.b3 Rb7 25.Rac1 Rbc7 26.Rxc7+ Rxc7 27.Rd2 Rc3 28.Ne2 Rc8 29.Nd4 Rc3 30.Nf3 Rc1
31.Nd4 Rc3 32.Rd1 Ke7 33.Ne2 Rc2 34.Rd2 Rc8 35.Nd4 Rc3 36.g3 Kd7 37.Ne2 Rc8
38.Rd1 Rc2 39.Rd2 Rc8 40.Kd4 Rc6 41.g4 Bb7 42.h4 Rc8 43.Ke3 fxe5 44.fxe5 Ba6
45.Nd4 Rc3 46.Ne2 Rc8 47.Nd4 Rc3 48.g5 Ke7 49.Ne2 Rc8 50.Nd4 Rc3 51.h5 h6
52.g6 Kd7 53.Ne2 Rc8 54.Nd4 Rc3 55.Ne2 Rc8 56.Rd1 Rc2 57.Rd2 Rc8 58.Nd4 Rc3
59.Rd1 Ke7 60.Ne2 Rc2 61.Rf1 Rxa2 62.Rf7+ Ke8 63.Nd4 Rb2 64.Nc6 Bb5 65.Re7+ Kf8
66.Rf7+ Ke8 67.Re7+ Kf8  1/2-1/2

[Event "Open"]
[Site "Zadar CRO"]
[Date "1999.12.14"]
[Round "2"]
[White "Levacic,P"]
[Black "Hecimovic,I"]
[Result "1-0"]
[WhiteElo "2389"]
[BlackElo "2205"]

1.e4 e6 2.d4 d5 3.Nc3 Nf6 4.e5 Ne4 5.Nxe4 dxe4 6.Bc4 a6 7.a4 b6 8.Nh3 Bb7
9.Nf4 Nc6 10.c3 Ne7 11.Be3 Ng6 12.Nh5 Nh4 13.O-O Nf5 14.Nf4 Ne7 15.Qe2 g6
16.Rfd1 Nd5 17.a5 c5 18.dxc5 Bxc5 19.Bxc5 bxc5 20.Qxe4 O-O 21.Nxd5 exd5 22.Bxd5 Bxd5
23.Rxd5 Qc7 24.Qc4 Qb7 25.b3 Rac8 26.Rad1 Rc7 27.Rd6 Re7 28.R1d5 Rfe8 29.f4 Re6
30.Rxe6 Rxe6 31.Rxc5 Kg7 32.b4 Qd7 33.Qd4 Qa4 34.h3 h5 35.Kh2 Qc2 36.Rd5 Qc1
37.Qd2 Qf1 38.Rd3 Rc6 39.Rf3 Qb5 40.Qd3 Rc4 41.Qe3 Qd5 42.Qd3 Qe6 43.Qd6 Qf5
44.Qxa6  1-0

[Event "Vikings GMB"]
[Site "York ENG"]
[Date "1999.12.15"]
[Round "3"]
[White "Paschall,W"]
[Black "Quinn,M"]
[Result "1-0"]
[WhiteElo "2332"]
[BlackElo "2377"]

1.e4 e6 2.d4 d5 3.Nc3 Nf6 4.e5 Nfd7 5.f4 c5 6.Nf3 Nc6 7.Be3 cxd4 8.Nxd4 Bc5
9.Qd2 a6 10.O-O-O O-O 11.h4 Nxd4 12.Bxd4 b5 13.Rh3 Bb7 14.Ne2 Bxd4 15.Nxd4 Nc5
16.Bd3 Ne4 17.Bxe4 dxe4 18.f5 Bd5 19.f6 gxf6 20.Qh6  1-0

[Event "5th Gudmundur Arason"]
[Site "Hafnarfjordur ISL"]
[Date "1999.12.17"]
[Round "6"]
[White "Aagaard,J"]
[Black "Kristjansson,S"]
[Result "1-0"]
[WhiteElo "2403"]
[BlackElo "2278"]

1.e4 e6 2.d4 d5 3.Nc3 Nf6 4.e5 Nfd7 5.f4 c5 6.Nf3 a6 7.Ne2 cxd4 8.Nexd4 Nc6
9.c3 Be7 10.g3 Nc5 11.Bh3 g6 12.O-O Bd7 13.Qe2 Nxd4 14.Nxd4 a5 15.Be3 Qc8
16.Rac1 O-O 17.Bg2 Qb8 18.c4 dxc4 19.Rxc4 Qa7 20.Rfc1 Rac8 21.h4 Qa6 22.Bf1 b6
23.h5 Qb7 24.Bg2 Qa6 25.Bf3 Rfd8 26.g4 Qa7 27.R1c2 Na6 28.Rxc8 Rxc8 29.Rxc8+ Bxc8
30.Nc6 Qd7 31.Nxe7+ Qxe7 32.Qb5 Nb4 33.Bxb6 Nxa2 34.Qc6 Bd7 35.Qa8+ Kg7 36.h6+ Kxh6
37.Qg8 g5 38.fxg5+ Qxg5 39.Qf8+ Qg7  1-0

[Event "Vikings GM"]
[Site "York ENG"]
[Date "1999.12.17"]
[Round "5"]
[White "Rowson,J"]
[Black "Barsov,A"]
[Result "1-0"]
[WhiteElo "2490"]
[BlackElo "2539"]

1.e4 e6 2.d4 d5 3.Nc3 Nf6 4.e5 Nfd7 5.f4 c5 6.Nf3 Nc6 7.Be3 a6 8.Qd2 b5 9.dxc5 Bxc5
10.Bxc5 Nxc5 11.Qf2 Qb6 12.Bd3 b4 13.Ne2 a5 14.O-O Ba6 15.Kh1 Ne7 16.Rfd1 h6
17.Ng3 g6 18.Ne2 h5 19.Ned4 Na4 20.Rab1 Bxd3 21.cxd3 Rc8 22.Rd2 Rc7 23.Re1 Kd7
24.Qh4 Rhc8 25.b3 Nc3 26.Qf6 Rf8 27.h3 Rcc8 28.g4 Rh8 29.Kg2 Rcf8 30.Rc1 Rh7
31.a4 hxg4 32.hxg4 Rfh8 33.Rdc2 Ng8 34.Qg5 Qxd4 35.Nxd4 Rh2+ 36.Kg1 Rh1+
37.Kf2 R1h2+ 38.Ke3 R8h3+ 39.Nf3 d4+ 40.Kxd4 Rxc2 41.Rxc2 Rxf3 42.Rh2 Ne7
43.Rh7 Kc6 44.Rh8 Ncd5 45.Re8 Kd7 46.Rxe7+ Nxe7 47.Qf6 g5 48.f5 Nc6+ 49.Ke4 Rf4+
50.Ke3  1-0

[Event "Vikings Masters"]
[Site "York ENG"]
[Date "1999.12.21"]
[Round "9"]
[White "Resika,N"]
[Black "Bhat,V"]
[Result "0-1"]
[WhiteElo "2251"]
[BlackElo "2388"]

1.e4 e6 2.d4 d5 3.Nc3 Nf6 4.e5 Nfd7 5.f4 c5 6.Nf3 a6 7.Be3 Nc6 8.Qd2 b5 9.dxc5 Bxc5
10.Bxc5 Nxc5 11.Qf2 Qb6 12.Bd3 b4 13.Ne2 a5 14.O-O Ba6 15.Rfd1 O-O 16.Ned4 Rfc8
17.Rd2 Ne4 18.Bxe4 dxe4 19.Ne1 Ne7 20.g3 a4 21.Ng2 a3 22.b3 Nd5 23.Ne3 Nc3
24.Nd1 Rd8 25.Nxc3 bxc3 26.Rdd1 Rd5 27.Ne2 e3 28.Qg2 Rad8 29.Rxd5 Rxd5 30.Re1 Bb7
31.Qh3 Rd2  0-1

[Event "8th Danube Open"]
[Site "Aschach AUT"]
[Date "1999.12.26"]
[Round "1"]
[White "Balinov,I"]
[Black "Kreischer,G"]
[Result "1-0"]
[WhiteElo "2448"]
[BlackElo "2155"]

1.e4 e6 2.d4 d5 3.Nc3 Nf6 4.e5 Nfd7 5.f4 c5 6.Nf3 Nc6 7.Be3 cxd4 8.Nxd4 Nb6
9.Bd3 Bd7 10.Qg4 f5 11.Qh3 Nxd4 12.Bxd4 Na4 13.Nxa4 Bxa4 14.g4 fxg4 15.Qxg4 Qe7
16.f5 exf5 17.Bxf5 g6 18.Be6 Bxc2 19.O-O h5 20.Qh3 Qg5+ 21.Qg3 Qxg3+ 22.hxg3 Rh7
23.Rf2 Be4 24.Raf1 Be7 25.Rc1 Bg5 26.Bc5 Re7 27.Rcf1 Rxe6 28.Rf8+ Kd7 29.Rxa8 Rxe5
30.Rf7+ Ke6 31.Rxb7 Kf5 32.Bd4 Re6 33.Raxa7 Kg4 34.Rb3 Bd2 35.Rf7 Rc6 36.Be3 Rc1+
37.Rf1 Bxe3+ 38.Rxe3 Rc2 39.Rf4+ Kg5 40.Rb3 Rg2+ 41.Kf1 Rxg3 42.Rxg3+ Kxf4
43.Rh3 d4 44.a4 d3 45.Ke1 Bf5 46.Rh2 Ke3 47.a5 g5 48.a6 Be4 49.Rh3+ Kd4 50.Kd2 h4
51.a7 Kc5 52.Re3  1-0

[Event "Young Masters"]
[Site "Groningen NED"]
[Date "1999.12.26"]
[Round "7"]
[White "Mastrovasilis,D"]
[Black "Navara,D"]
[Result "1/2-1/2"]
[WhiteElo "2384"]
[BlackElo "2406"]

1.e4 e6 2.d4 d5 3.Nc3 Nf6 4.e5 Nfd7 5.Nf3 c5 6.dxc5 Bxc5 7.Bd3 Nc6 8.Bf4 h6
9.Bg3 a6 10.O-O b5 11.Re1 b4 12.Na4 Be7 13.c3 bxc3 14.Nxc3 Nc5 15.Bf1 O-O
16.Rc1 a5 17.Nb5 Ba6 18.Nfd4 Nxd4 19.Qxd4 Bxb5 20.Bxb5 Rb8 21.Bf1 Rb4 22.Qe3 Qb6
23.b3 d4 24.Qf3 Rd8 25.Red1 a4 26.bxa4 Rxa4 27.Bc4 Bg5 28.Bf4 Bxf4 29.Qxf4 d3
30.Qe3 Qb2 31.Bxd3 Nxd3 32.Rxd3 Rxd3 33.Rc8+ Kh7 34.Qxd3+ g6 35.h3 Rxa2 36.Qe3 Ra5
37.Qf4 Qa1+ 38.Rc1 Qxe5 39.Qxf7+ Qg7 40.Qxe6 Ra1 41.Rxa1 Qxa1+ 42.Kh2 Kg7
43.Qe7+ Kg8 44.f4 Qb1 45.Qe6+ Kg7 46.h4 h5 47.f5 gxf5 48.Qe7+ Kg8 49.Qe8+ Kg7
50.Qe7+ Kg8 51.Qg5+ Kf8 52.Qxh5 Qb8+ 53.Kh3 Qe5 54.Qg5 Qc3+ 55.Kh2 Qe5+ 56.Kh3 Qc3+
57.Qg3 Qf6 58.Qc7 Kg8 59.Kg3 Qg6+ 60.Kh2 Qf6 61.Kh3 Kh8 62.h5 Qg5 63.Qg3 Qxh5+
64.Qh4 Qh7 65.Kg3 Kg7 66.Qg5+ Kf7 67.Kf4  1/2-1/2

[Event "ROM-ch sf (Women)"]
[Site "Baile Tusnad"]
[Date "1999.??.??"]
[Round "4"]
[White "Calota, Alina"]
[Black "Apostoae, Liliana"]
[Result "1/2-1/2"]
[WhiteElo "2096"]
[BlackElo "2087"]

1.e4 e6 2.d4 d5 3.Nc3 Nf6 4.e5 Nfd7 5.f4 c5 6.Nf3 Nc6 7.Be3 Qb6 8.Qd2 a6
9.Na4 Qb4 10.Qxb4 Nxb4 11.Kd2 cxd4 12.Nxd4 Nc6 13.Nxc6 bxc6 14.c4 Rb8 15.cxd5 cxd5
16.Rc1 Bb4+ 17.Ke2 O-O 18.a3 Ba5 19.b4 Bb6 20.Rc6 Bxe3 21.Kxe3 f6 22.exf6 Nxf6
23.Bxa6 Bd7 24.Rhc1 Ng4+ 25.Kd3 Rxf4 26.Rb6 Ne5+ 27.Kd2 Rf2+ 28.Ke3 Rbf8
29.Nc5 Rxg2 30.Kd4 Nc6+ 31.Rxc6 Bxc6 32.Nxe6 Rg4+ 33.Kc5 Rf6 34.Nd4 Rgg6
35.Bd3 Rh6 36.Nf5 Rh3 37.Ne7+ Kh8 38.Nxc6 Rxd3 39.a4 Rf8 40.b5 Rc8 41.b6 Rb3
42.a5 Ra8 43.Kd6 Rxa5 44.Nxa5 Rxb6+ 45.Kxd5 g5 46.Rc8+ Kg7 47.Rc7+ Kg6 48.Nc4 Rb5+
49.Ke6 h6 50.Ne5+ Kh5 51.Rc3 Rb4 52.Rf3 Ra4 53.Kf5 Rh4 54.h3 Rb4 55.Ke6 Rh4
56.Ng4 Kg6 57.Rf6+ Kg7 58.Rf7+ Kg6 59.Rf8 Rxh3 60.Rf6+ Kh5 61.Nxh6 Re3+ 62.Kf7 g4
63.Rg6  1/2-1/2